000 00452nam a22001697a 4500
003 BD-DhUL
005 20160121160221.0
008 160121s1975 njua|||| |||| 000 0 eng
040 _aBD-DhUL
_cBD-DhUL
082 _a610.58
_bPHY
245 0 0 _aPhysicians' desk reference /
250 _a29th ed.
260 _aNew Jersy :
_bMedical economics ,
_c1975.
300 _axiv , 101-2040 p. :
_bill. ;
_c25 cm.
650 0 0 _aMedicine
942 _2ddc
_cREF
999 _c45866
_d45866